| 000 | 00645nam a2200217 i 4500 | ||
|---|---|---|---|
| 001 | 41450 | ||
| 003 | ES-MaACL | ||
| 005 | 20230906160430.0 | ||
| 007 | t| | ||
| 008 | 030310s1968 sp |||| |bspa d | ||
| 080 | _a929 Bernhardt, Sarah | ||
| 100 | 1 |
_aCastelot, André. _936618 |
|
| 245 | 1 | 0 |
_aSarah Bernhardt / _cAndré Castelot ; [versión española, Alfredo Crespo]. |
| 250 | _a[1ª ed.]. | ||
| 260 |
_aBarcelona : _bEdisven, _c1968. |
||
| 300 |
_a220 p. ; _c18 cm. |
||
| 600 | 1 | 4 |
_aBernhardt, Sarah, _d1844-1923- _xBiografías _928330 |
| 700 | 1 |
_aCrespo, Alfredo. _941511 |
|
| 852 |
_aES-MaACL _jC-34876 |
||
| 999 |
_c41450 _d41450 |
||